01476nam a2200433 i 450000100060000000300080000600500170001400600190003100700150005000800410006502000270010603500230013303500240015603500250018003500220020504000310022705000220025808000070028008200160028710000220030324501020032526400370042730000410046433600310050533700330053633800430056949000100061250000220062250400290064458801270067365000310080065000320083165000270086365000250089065500270091570000270094283000110096985600620098057554FlNmELB20241216232933.0m o d | cr cnu||||||||171108s2010 sp ob 001 0 cat d a9781512944570 (e-book) a(MiAaPQ)EBC4795217 a(Au-PeEL)EBL4795217 a(CaPaEBR)ebr11335806 a(OCoLC)1105923185 aFINmELBbspaerdacFINmELB 4aR727.3bG314 2010 a610 a610.6962231 aGelabert, Antoni.10aComunicació metge-malat :breflexions per a un canvi de model /cAntoni Gelabert, Biel Fortuny. 1aBarcelona :bMarge Books,c2010. a1 recurso en línea (149 páginas) atextobtxt2rdacontent/spa acomputadorabc2rdamedia/spa arecurso en líneabcr2rdacarrier/spa1 aVitae aIncluye índice. aContiene bibliografía. aDescripción basada en recurso en línea; Título de la página del título en PDF (e-libro, visto November 8, 2017). 0aCommunication in medicine. 4aComunicación en medicina. 0aPhysician and patient. 4aMédico y paciente. 4aLibros electrónicos.1 aFortuny, Biel,eautor. 0aVitae.40uhttps://elibro.net/ereader/politecnicointernacional/59322